[Event "Dutch Open 2012"]
[Site "Dieren NED"]
[Date "2012.07.25"]
[Round "2.6"]
[White "De Bruijne,Arian"]
[Black "Popilski,G"]
[Result "0-1"]
[WhiteElo "1934"]
[BlackElo "2450"]

1.e4 d5 2.exd5 Qxd5 3.Nc3 Qd6 4.Nf3 Nf6 5.d4 c6 6.Bc4 Bg4 7.Be3 e6 8.h3 Bh5
9.Qd2 Nbd7 10.O-O-O Be7 11.a3 Qc7 12.g4 Bg6 13.Ne5 Nxe5 14.dxe5 Qxe5 15.g5 Rd8
16.Bd4 Rxd4 17.Qxd4 Qxg5+ 18.Qe3 Qxe3+ 19.fxe3 Bc5 20.Rhe1 Ke7 21.Bf1 Nd7
22.Bg2 Ne5 23.b4 Bd6 24.Rd4 a5 25.Kb2 b5 26.Red1 Nc4+ 27.Kb3 a4+ 28.Nxa4 Nxe3
29.Rxd6 Bxc2+ 30.Kc3 Nxd1+  0-1

[Event "23rd Czech Open A"]
[Site "Pardubice CZE"]
[Date "2012.07.25"]
[Round "6.64"]
[White "Belyakov,B"]
[Black "Gergel,V"]
[Result "1-0"]
[WhiteElo "2375"]
[BlackElo "2245"]

1.e4 d5 2.exd5 Qxd5 3.Nc3 Qd6 4.d4 Nf6 5.Nf3 Bg4 6.h3 Bh5 7.g4 Bg6 8.Ne5 Nbd7
9.f4 e6 10.Bg2 c6 11.O-O O-O-O 12.Be3 Qc7 13.Qe2 Bb4 14.a3 Bxc3 15.Nxg6 hxg6
16.bxc3 Nd5 17.Bd2 c5 18.a4 c4 19.a5 b5 20.axb6 N7xb6 21.Ra5 Kb7 22.Rfa1 Ra8
23.Rb1 Rad8 24.Rc5 Qd6 25.Qxc4 Rc8 26.Qb4  1-0

[Event "38th Sitges Open"]
[Site "Sitges ESP"]
[Date "2012.07.25"]
[Round "6.10"]
[White "Perez Mitjans,O"]
[Black "Rabineau,C"]
[Result "1/2-1/2"]
[WhiteElo "2504"]
[BlackElo "2270"]

1.e4 d5 2.exd5 Qxd5 3.Nc3 Qd6 4.d4 Nf6 5.Bd3 Bg4 6.Nge2 Nc6 7.f3 Bh5 8.Bf4 Qd7
9.Ne4 Nxe4 10.Bxe4 e6 11.c3 Bg6 12.Qa4 Bd6 13.O-O-O O-O 14.h4 Bxe4 15.fxe4 Rfd8
16.Bg5 f6 17.Be3 e5 18.d5 Nd4 19.Qxd7 Nxe2+ 20.Kd2 Rxd7 21.Kxe2 h5 22.Rhf1 Rf7
23.c4 b6 24.Rc1 Rb8 25.Rc3 g6 26.a3 a5 27.Rb3 Rff8 28.Rb5 a4 29.Bh6 Rf7 30.Rc1 Ra8
31.Be3 Rff8 32.Kd2 Rfb8 33.Rc3 f5 34.Kc2 f4 35.Bf2 g5 36.hxg5 Kg7 37.b4 axb3+
38.Rcxb3 Rd8 39.c5 bxc5 40.Bxc5 Kg6 41.Bxd6 cxd6 42.Rb7 Kxg5 43.Rg7+ Kh6
44.Re7 Ra4 45.g4 hxg4 46.Rbb7 Rxe4 47.Rh7+ Kg6 48.Rbg7+ Kf6 49.Rf7+ Kg5 50.Rfg7+ Kf6  1/2-1/2

[Event "PAB Romania Open 2012"]
[Site "Arad ROU"]
[Date "2012.07.27"]
[Round "1.32"]
[White "Mozes,E"]
[Black "Neaga,H"]
[Result "1-0"]
[WhiteElo "2237"]
[BlackElo "1792"]

1.e4 d5 2.exd5 Qxd5 3.Nc3 Qd6 4.d4 Nf6 5.g3 c6 6.Bf4 Qb4 7.a3 Qxb2 8.Na4 Qxa1
9.Qxa1 Bf5 10.c4 g6 11.Bg2 Bg7 12.Qb2 O-O 13.Qxb7 Nbd7 14.Ne2 Rac8 15.O-O c5
16.dxc5 Nxc5 17.Nxc5 Rxc5 18.Qxa7 Rxc4 19.Nd4 Bg4 20.Nc6 Nd7 21.Nxe7+ Kh8
22.Nc6 Rc8 23.h3 Be6 24.Re1 Nf8 25.Ne5 R4c7 26.Nxg6+  1-0

[Event "PAB Romania Open 2012"]
[Site "Arad ROU"]
[Date "2012.07.27"]
[Round "1.6"]
[White "Sandru,N"]
[Black "Milanovic,Da"]
[Result "0-1"]
[WhiteElo "1893"]
[BlackElo "2507"]

1.e4 d5 2.exd5 Qxd5 3.Nc3 Qd6 4.Nf3 Nf6 5.d3 Bg4 6.Be2 Nc6 7.Be3 e6 8.Qd2 Be7
9.a3 h6 10.h3 Bf5 11.Bf4 Qd8 12.O-O a6 13.Rfe1 O-O 14.Rad1 Bd6 15.Bf1 Re8
16.g4 Bh7 17.Bg2 Nd7 18.Ne4 Be7 19.Ng3 Bg6 20.d4 Nb6 21.Qe2 Nd5 22.Bc1 b5
23.Ne5 Nxe5 24.dxe5 c6 25.c4 bxc4 26.Qxc4 Qb6 27.Ne4 Red8 28.Qe2 Rab8 29.Qf3 Qa5
30.Qg3 Qa4 31.Nc3 Qb3 32.Ne2 Bc2 33.Qxb3 Bxb3 34.Rd3 c5 35.Bf1 Bc4 36.Rdd1 Rb3
37.Ng3 Bxf1 38.Kxf1 Bh4 39.Kg2 Bxg3 40.fxg3 c4 41.Rd4 Rc8 42.Re2 c3 43.Rc2 Rxb2
44.Bxb2 Ne3+ 45.Kf2 Nxc2 46.Bxc3 Rxc3 47.Kg1  0-1

[Event "PAB Romania Open 2012"]
[Site "Arad ROU"]
[Date "2012.07.27"]
[Round "8.6"]
[White "Murariu,A"]
[Black "Szalai,K"]
[Result "1-0"]
[WhiteElo "2498"]
[BlackElo "2413"]

1.e4 d5 2.exd5 Qxd5 3.Nc3 Qd6 4.d4 Nf6 5.Bc4 a6 6.Bb3 e6 7.Nge2 b5 8.Bf4 Qd8
9.Qd3 Bb7 10.O-O-O c5 11.dxc5 Qxd3 12.cxd3 Bxc5 13.d4 Be7 14.d5 exd5 15.Nd4 O-O
16.Nf5 Bc5 17.Bd6 Bxd6 18.Nxd6 Bc6 19.Nxd5 Nxd5 20.Bxd5 Bxd5 21.Rxd5 Ra7
22.Rhd1 Rc7+ 23.Kb1 g6 24.a3 f5 25.b4 Rd7 26.Kc2 Rfd8 27.R5d3 Kf8 28.Nb7 Rxd3
29.Rxd3 Rxd3 30.Kxd3 Nc6 31.Nc5 a5 32.bxa5 Nxa5 33.Ne6+ Ke7 34.Nd4 Kd6 35.Nxb5+ Ke5
36.a4 Kf4 37.Nd4 h5 38.h3 Ke5 39.Kc3 g5 40.Nb3 Nc6 41.Kc4 g4 42.h4 Kf4 43.Nd4 Na5+
44.Kd5 g3 45.Ne2+ Kg4 46.fxg3 Nb7 47.Kc6 Na5+ 48.Kb5 Nb7 49.a5 Nxa5 50.Kxa5 f4
51.gxf4  1-0

[Event "PAB Romania Open 2012"]
[Site "Arad ROU"]
[Date "2012.07.27"]
[Round "8.9"]
[White "Tarlev,K"]
[Black "Pachia,M"]
[Result "1-0"]
[WhiteElo "2524"]
[BlackElo "2092"]

1.e4 d5 2.exd5 Qxd5 3.Nc3 Qd6 4.d4 Nf6 5.Nf3 a6 6.Ne5 Nc6 7.Nxc6 Qxc6 8.d5 Qd6
9.g3 e6 10.Bg2 exd5 11.Nxd5 Nxd5 12.Qxd5 Qxd5 13.Bxd5 c6 14.Bb3 Bh3 15.Ke2 Bc5
16.Re1 O-O-O 17.Kf3 Rd6 18.Bg5 Rd7 19.Be3 Bxe3 20.Rxe3 h5 21.Rae1 Rh6 22.Re8+ Kc7
23.R1e7 Rf6+ 24.Ke3 Bg4 25.f4 Kd6 26.Re5 g6 27.a4 Kc7 28.Rf8 Kd6 29.c4 Be6
30.c5+ Ke7 31.Rb8 Rf5 32.Rxf5 Bxf5 33.Bc4 Be6 34.Bd3 Bd5 35.b4 Bg2 36.f5 Kf6
37.fxg6 fxg6 38.Rg8 Rg7 39.Rd8 Bh3 40.Kd4 Rd7+ 41.Rxd7 Bxd7 42.h4 Bf5 43.Bf1 Bc2
44.Bh3 Bf5 45.Bg2 Bc2 46.b5 Bxa4 47.Bxc6 Bxb5 48.Bxb7 g5 49.Bf3 gxh4 50.gxh4 Kg6
51.Ke5 a5 52.Be4+ Kh6 53.Kf6 a4 54.Bc2 a3 55.Bb3 Ba4 56.Ba2 Bb5 57.Ke5 Kg6
58.Bb1+ Kg7 59.Kd4 Kf6 60.Kc3 a2 61.Bxa2 Kf5 62.Bc4 Be8 63.Kb4 Kg4 64.Bb5 Bxb5  1-0

[Event "Dutch Open 2012"]
[Site "Dieren NED"]
[Date "2012.07.27"]
[Round "4.13"]
[White "Efroimski,M"]
[Black "Van Lanen,A"]
[Result "1-0"]
[WhiteElo "2187"]
[BlackElo "2147"]

1.e4 d5 2.exd5 Qxd5 3.Nc3 Qd6 4.d4 Nf6 5.Nf3 a6 6.g3 b5 7.Bg2 Bb7 8.Bf4 Qb6
9.O-O e6 10.a4 Bd6 11.Be3 c5 12.axb5 axb5 13.dxc5 Bxc5 14.Bxc5 Qxc5 15.Qd4 Qxd4
16.Nxd4 Bxg2 17.Kxg2 Rxa1 18.Rxa1 b4 19.Ncb5 O-O 20.Nc7 e5 21.Nf5 Rd8 22.Ra8 g6
23.Ne7+ Kf8 24.Ned5 Nxd5 25.Nxd5 b3 26.c4 Nc6 27.Rxd8+ Nxd8 28.Kf3 Nb7 29.Ke3 Nc5
30.Nb4 Na4 31.Nd3 f5 32.Nxe5 Nxb2 33.Kd2 Na4 34.Nc6 Kf7 35.f4 g5 36.fxg5 Kg6
37.h4 Kh5 38.Nd4 b2 39.Kc2 Kg4 40.Ne6 Kxg3 41.h5 Nc3 42.Kxb2 Ne4 43.g6 hxg6
44.h6 Nf6 45.c5 f4 46.Nxf4 g5 47.Nh5+  1-0

[Event "XIV ch-Gdansk Int 2012"]
[Site "Gdansk POL"]
[Date "2012.07.27"]
[Round "7.38"]
[White "Cichocka,U"]
[Black "Tamon,Radoslaw"]
[Result "1/2-1/2"]
[WhiteElo "1723"]
[BlackElo "1623"]

1.e4 d5 2.exd5 Qxd5 3.Nc3 Qd6 4.d4 Nf6 5.Bc4 a6 6.Nf3 Nc6 7.Ng5 e6 8.Be3 h6
9.Nf3 Be7 10.O-O O-O 11.Qd2 b5 12.Bd3 Bb7 13.Ne4 Qd5 14.Ng3 Bd6 15.c3 Bxg3
16.fxg3 Qh5 17.Nh4 Nh7 18.Be4 f5 19.Bc2 g5 20.Nf3 Rad8 21.Bb3 Rf6 22.Qe1 Re8
23.Ne5 Nxe5 24.dxe5 Rf7 25.Rd1 Qg6 26.a4 Nf8 27.axb5 axb5 28.Qe2 Bc6 29.Ra1 Rd7
30.Rfd1 Red8 31.Bd4 f4 32.Bc2 Qg7 33.gxf4 gxf4 34.Be4 Bxe4 35.Qxe4 c5 36.Qxf4 cxd4
37.cxd4 Qg5 38.Qe4 Rd5 39.Rd3 Qf5 40.Rg3+ Kh7 41.Ra7+ R8d7 42.Rxd7+ Rxd7
43.Qe2 Qb1+ 44.Kf2 Rc7 45.Rc3 Rxc3 46.bxc3 Qf5+ 47.Ke3 Ng6 48.Qxb5 Qf4+ 49.Ke2 Qe4+
50.Kf2 Qf4+  1/2-1/2

[Event "ch-AUT 2012"]
[Site "Zwettl AUT"]
[Date "2012.07.27"]
[Round "7.28"]
[White "Gattermayer,R"]
[Black "Fruehauf,N"]
[Result "1-0"]
[WhiteElo "2000"]
[BlackElo "2082"]

1.e4 d5 2.exd5 Qxd5 3.Nc3 Qd6 4.d4 Nf6 5.Bc4 Bg4 6.f3 Bf5 7.Nge2 c6 8.Bf4 Qd8
9.Ng3 Bg6 10.Qd2 e6 11.O-O-O Bb4 12.a3 Ba5 13.h4 h5 14.Bg5 Nbd7 15.Ba2 Qe7
16.Rhe1 Bxc3 17.Qxc3 Qd6 18.Ne4 Nxe4 19.fxe4 O-O 20.Qf3 f6 21.Bf4 Qe7 22.d5 cxd5
23.Qg3 Bxe4 24.Bd6 Qf7 25.Bxf8 Nxf8 26.Re3 Rc8 27.Rd2 Ng6 28.Qd6 Rc6 29.Qb8+ Kh7
30.c3 b6 31.Bb3 Ne5 32.Ba4 Rc7 33.Be8 Qe7 34.Bxh5 Nc4 35.Rxe4 Nxd2 36.Rg4 Nb3+
37.Kb1 g5 38.Ka2 Nc1+ 39.Kb1 Nd3 40.hxg5 fxg5 41.Rg3 Nf4 42.Bd1 e5 43.Bc2+ e4
44.Rxg5 Qxg5 45.Qxc7+ Kg8 46.Qb8+ Kf7 47.Qxa7+ Kf8 48.Qxb6 Nxg2 49.Qc5+  1-0

[Event "27th Avoine Open"]
[Site "Avoine FRA"]
[Date "2012.07.28"]
[Round "8.29"]
[White "Cau,B"]
[Black "Dorval,O"]
[Result "1-0"]
[WhiteElo "2158"]
[BlackElo "1890"]

1.e4 d5 2.exd5 Qxd5 3.Nc3 Qd6 4.d4 Nf6 5.Nf3 Bg4 6.Bb5+ c6 7.Be2 e6 8.Be3 Nbd7
9.Qd2 Qc7 10.Bf4 Bd6 11.Bxd6 Qxd6 12.O-O-O O-O 13.h3 Bxf3 14.Bxf3 Nb6 15.Be2 Nbd5
16.h4 Nxc3 17.Qxc3 Qf4+ 18.Qe3 Qxe3+ 19.fxe3 Ne4 20.Rhe1 Ng3 21.Bd3 Rad8
22.c4 Rfe8 23.Kc2 Nf5 24.Bxf5 exf5 25.Kd3 Re4 26.g3 Rde8 27.Re2 g6 28.Rf1 Rg4
29.Rg2 Rge4 30.Re2 Rg4 31.Rf3 Kg7 32.b4 Rge4 33.Rf4 Kf6 34.Rxe4 Rxe4 35.Rb2 Rg4
36.Rg2 h6 37.Ke2 g5 38.hxg5+ hxg5 39.Kf3 Re4 40.Rh2 g4+ 41.Ke2 Re8 42.Kd3 Kg5
43.a4 Kf6 44.b5 Kg5 45.a5 Rc8 46.a6 cxb5 47.c5 b6 48.cxb6 axb6 49.Ra2 b4
50.a7 Ra8 51.Kc4 b3 52.Kxb3 f4 53.exf4+ Kf5 54.Kc4 Ke4 55.Kb5 Kf3 56.Ra3+  1-0

[Event "12th Valle del Chiese Open"]
[Site "Condino ITA"]
[Date "2012.07.28"]
[Round "7"]
[White "Sanzani,P"]
[Black "Medancic,R"]
[Result "0-1"]
[WhiteElo "1859"]
[BlackElo "2223"]

1.e4 d5 2.exd5 Qxd5 3.Nc3 Qd6 4.d4 Nf6 5.Bc4 Bg4 6.Nge2 e6 7.Bf4 Qxf4 8.Nxf4 Bxd1
9.Rxd1 c6 10.O-O Nbd7 11.Nd3 Bd6 12.f4 g6 13.Ne5 Bc7 14.h3 Rd8 15.Bd3 Bb6
16.Nf3 O-O 17.Kh2 Ba5 18.Ne2 Nd5 19.Rb1 Nb4 20.Rfd1 Nf6 21.c3 Nxd3 22.Rxd3 Bc7
23.Ne5 Nd7 24.Rbd1 Kg7 25.g3 f6 26.Nxd7 Rxd7 27.Kg2 h6 28.Ng1 g5 29.Ne2 Rfd8
30.Kf3 Kg6 31.b4 e5 32.fxg5 f5 33.Re3 hxg5 34.a4 Re7 35.Nc1 e4+ 36.Kg2 f4
37.gxf4 gxf4 38.Ree1 Kf5  0-1

[Event "Politiken Cup 2012"]
[Site "Helsingor DEN"]
[Date "2012.07.28"]
[Round "1.80"]
[White "Amarapala,Sherington"]
[Black "Grand,H"]
[Result "0-1"]
[WhiteElo "1732"]
[BlackElo "2144"]

1.e4 d5 2.exd5 Qxd5 3.Nc3 Qd6 4.Nf3 Nf6 5.d4 a6 6.a4 Bg4 7.Be2 Nc6 8.O-O Rd8
9.Be3 e6 10.Qd2 Be7 11.Rfd1 O-O 12.Bf4 Qb4 13.Bxc7 Rd7 14.Bg3 Bxf3 15.Bxf3 Nxd4
16.Qf4 Qxb2 17.Bxb7 Qxc3 18.Bxa6 Rfd8 19.Bd3 Nxc2 20.Bxc2 Rxd1+ 21.Rxd1 Rxd1+
22.Bxd1 Qe1+  0-1

[Event "PAB Romania Open 2012"]
[Site "Arad ROU"]
[Date "2012.07.29"]
[Round "3.5"]
[White "Meszaros,An"]
[Black "Milanovic,Da"]
[Result "0-1"]
[WhiteElo "2296"]
[BlackElo "2507"]

1.e4 d5 2.exd5 Qxd5 3.Nc3 Qd6 4.d4 Nf6 5.Nf3 c6 6.g3 Bg4 7.Bg2 e6 8.h3 Bh5
9.g4 Bg6 10.Ne5 Nbd7 11.Bf4 Qb4 12.Qd2 Nxe5 13.Bxe5 Nd7 14.Bc7 Rc8 15.a3 Qe7
16.Bf4 Qd8 17.Qe2 Be7 18.O-O O-O 19.Rfe1 Re8 20.Rad1 Nf6 21.Be5 Qb6 22.Na4 Qa5
23.Nc3 b5 24.Bg3 b4 25.Nb1 Qa4 26.b3 Qb5 27.axb4 Bxb4 28.c4 Qa6 29.Rf1 Red8
30.Qb2 Qa5 31.Bh4 Rd7 32.Qe2 Bxb1 33.Rxb1 Rxd4 34.Ra1 Qb6 35.Bg5 Bc5 36.Bxf6 gxf6
37.Qf3 Kg7 38.Ra2 Qc7 39.Ra6 Bb6 40.Rc1 Rf4 41.Qc3 Bd4 42.Qa5 Qb8 43.Kh1 Rxf2
44.Qe1 Qg3 45.Qe4 Be5  0-1

[Event "99th ch-GBR 2012"]
[Site "North Shields ENG"]
[Date "2012.07.30"]
[Round "7.29"]
[White "Brown,Mart"]
[Black "Burke,M"]
[Result "1-0"]
[WhiteElo "2224"]
[BlackElo "1917"]

1.e4 d5 2.exd5 Qxd5 3.Nc3 Qd6 4.d4 Nf6 5.Nf3 c6 6.g3 Bg4 7.Bg2 e6 8.h3 Bxf3
9.Bxf3 Be7 10.O-O O-O 11.Bf4 Qd8 12.Ne2 Nd5 13.Bd2 Nb6 14.b3 Bf6 15.Bc3 Qc7
16.Bb2 e5 17.Nc3 exd4 18.Ne4 Be5 19.Bxd4 N8d7 20.Bg2 f5 21.Ng5 Rae8 22.Bxe5 Nxe5
23.f4 Nf7 24.Nxf7 Rxf7 25.Re1 Rfe7 26.Qd2 Qd7 27.Rxe7 Qxe7 28.Rd1 Kf7 29.a4 Qc5+
30.Qf2 Qxf2+ 31.Kxf2 Ke7 32.a5 Nc8 33.a6 bxa6 34.Re1+ Kd8 35.Rxe8+ Kxe8 36.Bxc6+ Kd8
37.Bb7 a5 38.Bxc8 Kxc8 39.Ke3 Kd7 40.Kd4 Kd6 41.c4 g6 42.c5+ Kc6 43.Kc4 a6
44.Kd4 h6 45.h4 h5 46.Kc4 Kc7 47.Kd5 Kd7 48.c6+ Kc7 49.Kc5 Kc8 50.Kb6  1-0

[Event "Tabor Open 2012"]
[Site "Tabor CZE"]
[Date "2012.07.30"]
[Round "3.7"]
[White "Houska,Ji"]
[Black "Heinzel,O"]
[Result "0-1"]
[WhiteElo "2183"]
[BlackElo "2363"]

1.e4 d5 2.exd5 Qxd5 3.Nc3 Qd6 4.d4 Nf6 5.Nf3 c6 6.Ne5 Nbd7 7.Nc4 Qc7 8.g3 Nb6
9.Ne5 Be6 10.Bg2 Nbd5 11.Nxd5 Bxd5 12.O-O e6 13.f3 c5 14.c4 Bc6 15.Nxc6 bxc6
16.Bf4 Bd6 17.Bxd6 Qxd6 18.f4 O-O 19.dxc5 Qxc5+ 20.Kh1 Qxc4 21.Qc1 Qb4 22.a3 Qb3
23.Rf3 Qb6 24.Rc3 Rac8 25.Bxc6 Ng4 26.Qc2 Rfd8 27.Rc1 h5 28.Qe2 Rd6 29.Bf3 Rxc3
30.bxc3 Qc5 31.Bxg4 hxg4 32.Rd1 Qxa3 33.Qxg4 a5 34.Rxd6 Qxd6 35.Qe2 Qc6+
36.Kg1 Qxc3 37.Qb5 g6 38.Qe8+ Kg7 39.Qb5 Qa1+ 40.Kg2 a4  0-1

[Event "PAB Romania Open 2012"]
[Site "Arad ROU"]
[Date "2012.07.31"]
[Round "7.8"]
[White "Levay,S"]
[Black "Milanovic,Da"]
[Result "0-1"]
[WhiteElo "2267"]
[BlackElo "2507"]

1.e4 d5 2.exd5 Qxd5 3.Nc3 Qd6 4.d4 Nf6 5.Nge2 Bf5 6.Bf4 Qd8 7.f3 e6 8.a3 Nbd7
9.g4 Bg6 10.Bg3 Nb6 11.Nf4 Bd6 12.Qd2 Nfd5 13.O-O-O Nxc3 14.Qxc3 Bxf4+ 15.Bxf4 Nd5
16.Qd2 Qf6 17.Be5 Qxf3 18.Be2 Qh3 19.Bxg7 Rg8 20.Bh6 O-O-O 21.c4 Nb6 22.Qe3 Qg2
23.Bf4 Nxc4 24.Qf3 Na5 25.b4 Qxf3 26.Bxf3 Nb3+  0-1

[Event "Politiken Cup 2012"]
[Site "Helsingor DEN"]
[Date "2012.07.31"]
[Round "5.23"]
[White "Hedman,E"]
[Black "Grand,H"]
[Result "1-0"]
[WhiteElo "2381"]
[BlackElo "2144"]

1.e4 d5 2.exd5 Qxd5 3.Nc3 Qd6 4.d4 Nf6 5.Nf3 a6 6.g3 Nc6 7.Bf4 Qd8 8.Bg2 e6
9.Qe2 Be7 10.O-O-O O-O 11.Rhe1 Nb4 12.Kb1 Nbd5 13.Nxd5 Nxd5 14.Ne5 Bb4 15.Rg1 Qf6
16.c4 Nxf4 17.gxf4 Qe7 18.c5 c6 19.Be4 f5 20.Bf3 Ba5 21.Rg5 Bc7 22.Rdg1 Rf6
23.Rxg7+ Qxg7 24.Rxg7+ Kxg7 25.Bh5 Rh6 26.Qf3 Kf6 27.Qg3 Rxh5 28.Qg8 Bxe5
29.Qf8+ Kg6 30.dxe5  1-0

[Event "Politiken Cup 2012"]
[Site "Helsingor DEN"]
[Date "2012.08.02"]
[Round "7.93"]
[White "Bennion,D"]
[Black "Aartun,Magnus"]
[Result "1-0"]
[WhiteElo "2007"]
[BlackElo "1800"]

1.e4 d5 2.exd5 Qxd5 3.Nc3 Qd6 4.d4 Nf6 5.Nb5 Qb6 6.Be3 Nd5 7.a4 a6 8.Nc3 Nxe3
9.fxe3 e5 10.Bc4 Qxb2 11.Nge2 exd4 12.Bxf7+ Kxf7 13.O-O+ Kg8 14.Qxd4 Qb6
15.Rxf8+ Kxf8 16.Qd8+ Kf7 17.Rf1+ Ke6 18.Qxh8 Qxe3+ 19.Kh1 Bd7 20.Qg8+ Kd6
21.Rd1+ Kc5 22.Qf8+ Kc4 23.Nd5 Qc5 24.Qf4+  1-0

[Event "Politiken Cup 2012"]
[Site "Helsingor DEN"]
[Date "2012.08.02"]
[Round "7.86"]
[White "Johansen,St"]
[Black "Okland,Sveinung"]
[Result "1-0"]
[WhiteElo "2021"]
[BlackElo "1846"]

1.e4 d5 2.exd5 Qxd5 3.Nc3 Qd6 4.Nf3 Nf6 5.g3 g6 6.Bg2 Bg7 7.O-O O-O 8.d4 c6
9.Bf4 Qd8 10.Re1 Bg4 11.h3 Bxf3 12.Bxf3 e6 13.Qd2 Nbd7 14.Rad1 Re8 15.Bg5 Qa5
16.Bg2 Rad8 17.Qf4 Nh5 18.Bxd8 Qxd8 19.Qe3 Nb6 20.b3 Nf6 21.Qd2 Qc7 22.Ne4 Rd8
23.Nxf6+ Bxf6 24.Qe3 Nd5 25.Bxd5 cxd5 26.Rc1 Qa5 27.a4 Qb4 28.c3 Qxb3 29.Rb1 Qxa4
30.Rxb7 Rc8 31.Rxf7  1-0

[Event "Olomouc Summer Open"]
[Site "Olomouc CZE"]
[Date "2012.08.02"]
[Round "1.11"]
[White "Ageichenko,G"]
[Black "Molnar,Ji"]
[Result "1-0"]
[WhiteElo "2329"]
[BlackElo "1856"]

1.e4 d5 2.exd5 Qxd5 3.Nc3 Qd8 4.d4 Nf6 5.Bg5 Bg4 6.Qd2 Nc6 7.Nge2 Bxe2 8.Nxe2 Ne4
9.Qe3 Nxg5 10.Qxg5 e6 11.Qb5 Qd7 12.O-O-O O-O-O 13.g3 Nb4 14.Qxd7+ Rxd7 15.c3 Nd5
16.Bg2 c6 17.Kc2 Be7 18.Nc1 Rhd8 19.Nd3 Bd6 20.Rhe1 Kc7 21.a3 Nf6 22.f4 g6
23.Bf3 h5 24.Rf1 Kb6 25.b4 a6 26.Rde1 Rh8 27.h4 Rf8 28.Ne5 Rdd8 29.Re2 Rde8
30.Nc4+ Kc7 31.a4 Rc8 32.Rb1 b5 33.Nxd6 Kxd6 34.Kd3 Nd5 35.Ra2 Nb6 36.axb5 axb5
37.Ra6 Nc4 38.Rba1 Rc7 39.R1a2 Rb8 40.Bd1 Nb6 41.Kd2 Rcb7 42.R2a5 Kd7 43.Kc2 Kc7
44.Bf3 Kd6 45.c4 bxc4 46.b5 Rc7 47.Bxc6 Ke7 48.Kc3 Nc8 49.Kxc4 Nd6+ 50.Kd3 Nf5
51.Ra7 Rxa7 52.Rxa7+ Kf6 53.Kc4 Nxg3 54.Kc5 Nf5 55.b6 Nxd4 56.b7 Nxc6 57.Kxc6 Kf5
58.Kc7 Rxb7+ 59.Rxb7 Kxf4 60.Kd6 g5 61.Rxf7+ Kg4 62.hxg5 Kxg5 63.Ke5 Kg4
64.Ke4 h4 65.Rg7+ Kh3 66.Kf3 Kh2 67.Kf2 e5 68.Rg4 h3 69.Rg3 e4 70.Re3  1-0

[Event "CECLUB 1st Div GpB 2012"]
[Site "Don Benito ESP"]
[Date "2012.08.03"]
[Round "5"]
[White "Vazquez Torres,A"]
[Black "Garcia del Moral Lopez,J"]
[Result "1-0"]
[WhiteElo "2136"]
[BlackElo "1887"]

1.e4 d5 2.exd5 Qxd5 3.Nc3 Qd8 4.d4 c6 5.Bc4 Nf6 6.Nf3 Bf5 7.Bg5 e6 8.Bd3 Bxd3
9.Qxd3 h6 10.Bh4 Nbd7 11.O-O-O Qa5 12.Ne5 Bb4 13.Nc4 Qh5 14.Bg3 O-O-O 15.a3 Be7
16.Rhe1 Rhe8 17.Kb1 Bf8 18.b4 Qf5 19.Qe3 Nd5 20.Nxd5 cxd5 21.Na5 e5 22.dxe5 Nb6
23.Qc3+ Kb8 24.e6+ Ka8 25.Qc7 Rb8 26.Qxf7 Qxf7 27.exf7 Rxe1 28.Rxe1 Rc8 29.Re8 a6
30.Bc7  1-0

[Event "11th Braunau Open A"]
[Site "Ranshofen AUT"]
[Date "2012.08.05"]
[Round "2.7"]
[White "Konguvel,P"]
[Black "Kasparov,S"]
[Result "1-0"]
[WhiteElo "2319"]
[BlackElo "2490"]

1.e4 d5 2.exd5 Qxd5 3.Nc3 Qd6 4.d4 c6 5.Nf3 Bg4 6.h3 Bxf3 7.Qxf3 Qxd4 8.Be3 Qd8
9.Bc4 Nf6 10.g4 e6 11.g5 Nd5 12.O-O-O Nd7 13.Nxd5 cxd5 14.Bxd5 exd5 15.Rhe1 Be7
16.Qxd5 Rc8 17.Rd2 O-O 18.Qxd7 Bxg5 19.Qxd8 Bxd8 20.Rd7 Bc7 21.Bxa7 b6 22.Re4 g5
23.a4 Bf4+ 24.Rxf4 gxf4 25.Bxb6 Rfe8 26.Kd2 f3 27.Be3 f5 28.a5 f4 29.Bd4 Re2+
30.Kd3 Rcxc2 31.a6 Rcd2+ 32.Kc4 Rc2+ 33.Kb3 Rc8 34.Rg7+ Kf8 35.Rxh7 Rb8+
36.Kc4 Rc8+ 37.Kd3  1-0

[Event "Open ch-MKD 2012"]
[Site "Struga MKD"]
[Date "2012.08.05"]
[Round "2.1"]
[White "Pancevski,F"]
[Black "Koskoska,G"]
[Result "1-0"]
[WhiteElo "2461"]
[BlackElo "2094"]

1.e4 d5 2.exd5 Qxd5 3.Nc3 Qd8 4.g3 g6 5.Bg2 Bg7 6.Nf3 Nf6 7.O-O O-O 8.h3 c6
9.Re1 Nbd7 10.d3 Nb6 11.Bd2 h6 12.Rb1 a5 13.a3 Nbd5 14.Ne2 Nd7 15.b4 axb4
16.axb4 e5 17.Nc1 Re8 18.Nb3 N5f6 19.Qc1 Kh7 20.Nh2 Qc7 21.c4 b6 22.Bc3 Ra2
23.Ra1 Rxa1 24.Qxa1 Qd6 25.Re3 h5 26.Qb1 Nf8 27.Nf3 N6d7 28.d4 f6 29.Nbd2 Qc7
30.Qe1 c5 31.dxe5 Nxe5 32.Nxe5 fxe5 33.b5 Nd7 34.Nf3 Bf6 35.Nd2 Bb7 36.Bxb7 Qxb7
37.Ne4 Be7 38.Rd3 Kg8 39.Rd5 Kf7 40.Qd2 Rd8 41.Nd6+ Bxd6 42.Rxd6 Ke7 43.Rxg6  1-0

[Event "FSFMA1 August 2012"]
[Site "Budapest HUN"]
[Date "2012.08.07"]
[Round "4.4"]
[White "Hecht,C"]
[Black "Grimm,G"]
[Result "1/2-1/2"]
[WhiteElo "2064"]
[BlackElo "2067"]

1.e4 d5 2.exd5 Qxd5 3.Nc3 Qd6 4.d4 c6 5.Nf3 Nf6 6.Be2 Bg4 7.O-O Nbd7 8.Re1 e6
9.Bg5 Be7 10.Qd2 Qc7 11.Ne5 Bxe2 12.Qxe2 O-O 13.Qf3 Rfe8 14.Bf4 Qb6 15.b3 Qxd4
16.Nc4 Bb4 17.Bd2 Qh4 18.a3 Bc5 19.h3 Rad8 20.Rad1 h6 21.Bf4 e5 22.Bg3 Qg5
23.h4 Qg6 24.b4 e4 25.h5 Nxh5 26.Nxe4 Nxg3 27.Nxg3 Qxc2  1/2-1/2

[Event "Miguel Najdorf Open A"]
[Site "Warsaw POL"]
[Date "2012.08.07"]
[Round "2.30"]
[White "Szewczak,And"]
[Black "Leks,M"]
[Result "1-0"]
[WhiteElo "1958"]
[BlackElo "2109"]

1.e4 d5 2.exd5 Qxd5 3.Nc3 Qd6 4.d4 Nf6 5.Nf3 a6 6.g3 Bg4 7.Bg2 Nc6 8.Be3 O-O-O
9.Ne2 Qb4+ 10.c3 Qxb2 11.O-O e6 12.Rb1 Qxa2 13.Ra1 Qc4 14.Ra4 Qb5 15.Nf4 Ne5
16.Ra1 Nxf3+ 17.Bxf3 Bxf3 18.Qxf3 Qc4 19.Rfb1 c6 20.Qd1 Nd5 21.Ra4 Qxc3 22.Bd2 b5
23.Bxc3 Nxc3 24.Qc2 Nxa4 25.Qxc6+ Kb8 26.Qxa6  1-0

[Event "TCh-ESP CECLUB 2a Gp2 2012"]
[Site "Burguillos ESP"]
[Date "2012.08.09"]
[Round "2.3"]
[White "Herrera Delgado,A"]
[Black "Garcia Verd,F"]
[Result "1-0"]
[WhiteElo "2309"]
[BlackElo "1966"]

1.e4 d5 2.exd5 Qxd5 3.Nc3 Qd8 4.g3 c6 5.Bg2 Bf5 6.Nge2 e6 7.O-O Nf6 8.d3 Be7
9.h3 h6 10.Bd2 O-O 11.Ne4 Na6 12.Rb1 Nc7 13.b4 Rb8 14.a4 a6 15.Qc1 Re8 16.Rd1 Bh7
17.Rb2 Qc8 18.c4 Nxe4 19.dxe4 Rd8 20.Bf4 Rxd1+ 21.Qxd1 Bf6 22.e5 Be7 23.Be3 Qf8
24.Qe1 Bd3 25.c5 Nd5 26.Nc1 Nxe3 27.Qxe3 Bc4 28.Rc2 Bd5 29.Bxd5 exd5 30.Nb3 Qc8
31.Kg2 Qf5 32.Nd4 Qg6 33.f4 Rd8 34.f5 Qh5 35.Rf2 Qg5 36.Qe2 h5 37.f6 gxf6
38.Nf5 Bf8 39.exf6  1-0

[Event "22nd Pobla De Lillet Open"]
[Site "La Pobla de Lillet ESP"]
[Date "2012.08.09"]
[Round "9.5"]
[White "Ramiro Ovejero,J"]
[Black "Guasch Murtra,J"]
[Result "1-0"]
[WhiteElo "2349"]
[BlackElo "1979"]

1.e4 d5 2.exd5 Qxd5 3.Nc3 Qd8 4.d4 Nf6 5.Nf3 Bg4 6.Bc4 e6 7.h3 Bxf3 8.Qxf3 c6
9.Ne2 Be7 10.Bf4 Nbd7 11.O-O-O Nd5 12.Bh2 b5 13.Bd3 N7f6 14.c3 O-O 15.g4 g6
16.h4 Nd7 17.h5 Qa5 18.Bb1 Bg5+ 19.Kc2 b4 20.Bd6 bxc3 21.Nxc3 Nxc3 22.Qxc3 Qxc3+
23.bxc3 Rfd8 24.f4 Bh6 25.hxg6  1-0

[Event "Olomouc IM Prima Pack"]
[Site "Olomouc CZE"]
[Date "2012.08.09"]
[Round "9.1"]
[White "Klima,L"]
[Black "Ptacnikova,L"]
[Result "1/2-1/2"]
[WhiteElo "2372"]
[BlackElo "2281"]

1.e4 d5 2.exd5 Qxd5 3.Nc3 Qd6 4.d4 Nf6 5.Bd3 a6 6.Nge2 Nc6 7.Bf4 Qd8 8.O-O Bg4
9.f3 Bh5 10.Be3 e6 11.Ne4 Nd5 12.Bf2 Ndb4 13.Bc4 Na5 14.Nf4 Nxc4 15.Nxh5 Nd5
16.Qe2 Nd6 17.c4 Nxe4 18.Qxe4 Ne7 19.Qxb7 c6 20.Qb3 Nf5 21.Rad1 Bd6 22.d5 Qg5
23.Ng3 Nxg3 24.hxg3 Bxg3 25.Bxg3 Qxg3 26.Qb4 cxd5 27.cxd5 Qb8 28.Qa3 Qa7+
29.Kh1 Qe7 30.Qa4+ Qd7 31.Qb4 Qe7 32.d6 Qd7 33.Rc1 O-O 34.Rc7 Qb5 35.Qxb5 axb5
36.d7 f6 37.Rfc1 Rad8 38.Rd1 Rf7 39.a3 Kf8 40.b3 f5 41.a4 bxa4 42.bxa4 e5
43.Rd6 Ke7 44.Rb6 Rf6 45.a5 Rxd7 46.Rxd7+  1/2-1/2

[Event "11th Braunau Open A"]
[Site "Ranshofen AUT"]
[Date "2012.08.09"]
[Round "7.8"]
[White "Borsos,B"]
[Black "Medvegyne Balogh,E"]
[Result "1-0"]
[WhiteElo "2270"]
[BlackElo "2058"]

1.e4 d5 2.exd5 Qxd5 3.Nc3 Qd6 4.d4 Nf6 5.Nf3 c6 6.Ne5 Nbd7 7.Nc4 Qc7 8.Bd3 Nb6
9.Ne5 g6 10.Bf4 Qd8 11.O-O Bf5 12.Bxf5 gxf5 13.Re1 e6 14.Qe2 Qc8 15.Rad1 h5
16.Bg5 Be7 17.h4 a6 18.a4 Nfd5 19.Bxe7 Nxc3 20.bxc3 Kxe7 21.c4 Nxa4 22.Qe3 b5
23.d5 cxd5 24.cxd5 Rg8 25.d6+ Kf6 26.Qh6+ Rg6 27.Nxg6 fxg6 28.Qg5+ Kg7 29.Qe7+ Kh6
30.Rxe6 Qd8 31.Qf7 Qg8 32.Qxf5  1-0

[Event "Miguel Najdorf Open A"]
[Site "Warsaw POL"]
[Date "2012.08.09"]
[Round "4.25"]
[White "Rozycki,B"]
[Black "Leks,M"]
[Result "1-0"]
[WhiteElo "1971"]
[BlackElo "2109"]

1.e4 d5 2.exd5 Qxd5 3.Nc3 Qd6 4.d4 Nf6 5.Nf3 c6 6.Ne5 Nbd7 7.Bf4 Nd5 8.Nxd5 Qxd5
9.f3 g5 10.Bc4 Qa5+ 11.Bd2 Qb6 12.Bxf7+ Kd8 13.Bb3 Nxe5 14.dxe5 Kc7 15.Bxg5 Qa5+
16.Qd2 Qxe5+ 17.Kf2 Qb5 18.a4 Qc5+ 19.Be3 Bh6 20.Bxc5 Bxd2 21.Bxe7 Re8 22.Rad1 Be3+
23.Kxe3 Rxe7+ 24.Kf2 Bf5 25.Rhe1 Rae8 26.Rxe7+ Rxe7 27.g4 Bd7 28.Re1 Rxe1
29.Kxe1 b5 30.h3 Kd6 31.Kd2 a6 32.axb5 cxb5 33.c3 Bc6 34.Ke3 a5 35.h4  1-0